000 01035nam a22001457a 4500
003 NUST
005 20221219094746.0
008 221219b ||||| |||| 00| 0 eng d
082 _a303.49,FRI
100 _aFriedman, George
_97495
245 _aThe Next 100 Years: A Forecast for the 21st Century /
_c George Friedman
300 _axxi, 253p.
505 _aOverture : An Introduction to the American age (Page-1), The Dawn of the American age (Page-15), Earthquake: The U.S.–Jihadist War (Page-31), Population, Computers, and Culture Wars (Page-50), The New Fault Lines (Page-65), China 2020: Paper Tiger (Page-88), Russia 2020: Rematch (Page-), American Power and the Crisis of 2030 (Page-120), A New World Emerges (Page-136), The 2040s: Prelude to War (Page-153), Preparing for War (Page-174), World War: A Scenario (Page-193), The 2060s: A Golden Decade (Page-212), 2080: The United States, Mexico, and the Struggle for the Global Heartland (Page-223), Epilogue (Page-249).
942 _2ddc
_cBK
_k303.49,FRI
999 _c592726
_d592726